Estadísticas para Países que Limitan con Austria

Haz click aquí para intentar la prueba.

Estadísticas generales

  • Esta prueba ha sido intentada 4.939 veces
  • La puntuación promedio es 7 de 8

Estadísticas de respuestas

Longitud (km)País% Correcto
784Alemania
99%
164Suiza
96%
430Italia
94%
362República Checa
93%
330Eslovenia
90%
366Hungría
90%
91Eslovaquia
89%
35Liechtenstein
84%

Distribución de puntuación

Porcentaje por número respondido

Porcentaje de gente con cada puntuación

Historial de tus puntuaciones

No has intentado esta prueba.